00656 2200193 4500001002100000005001500021035002000036007000300056008003900059082001600098084002200114100001300136245010800149260012400257300004600381600001100427600001100438022001300449INLIS00000000000116820250205084044 a0010-0225000006ta250205 | | |  a633.1-631.4 a633.1-631.4 KAS n0 aKasno, A1 aNitrogen dynamic and precise management to predict corn yield in tropical upland acid soils /cKasno, A aIran, Tehran :bSolid Waste Engineering and Management Association, Faculty of Environment, University of Tehran,c2024 a1843-1858 hlm, :bIlus ;c21 cm x 29,7 cm 4aJurnal 4aJagung a23833866